| 000 | 00979nam a2200241 i 4500 | ||
|---|---|---|---|
| 001 | 175263 | ||
| 003 | ES-MaACL | ||
| 005 | 20250806062543.0 | ||
| 007 | t| | ||
| 008 | 101019s1970 sp f ||||1| spa d | ||
| 080 | _a336.711(460.27) | ||
| 100 | 1 |
_aSanz García, José María. _9103643 |
|
| 245 | 1 | 3 |
_aEl palacio madrileño de Monistrol _b: (etapa del Banco Nacional de San Carlos / por José María Sanz García. |
| 260 |
_aMadrid : _bAyuntamiento de Madrid, Delegación de Educación : _bInstituto de Estudios Madrileños, _c1970. |
||
| 300 |
_a64 p. , [8] h. de lám. ; _c22 cm. |
||
| 490 | 1 |
_aCiclo de conferencias sobre monumentos madrileños ; _v10 |
|
| 610 | 2 |
_aBanco de San Carlos (España) _92113 |
|
| 650 | 7 |
_aPalacios- _zMadrid _2 _9143659 |
|
| 710 | 2 |
_aInstituto de Estudios Madrileños _94916 |
|
| 830 | 0 |
_aCiclo de conferencias sobre monumentos madrileños ; _v10 _9189598 |
|
| 852 |
_aES-MaACL _j2258-F-10 _xOlim P-53 |
||
| 999 |
_c175263 _d175263 |
||